[Event "Tourn. n7879"]
[Site "www.chess-mail.com"]
[Date "2015.01.08"]
[Round "1"]
[White "Schwiizer"]
[Black "Asoka"]
[WhiteElo "2640"]
[BlackElo "2670"]
[Result "1-0"]
[Round "1"]
1.e4 c5
2.Ng1f3 d6
3.d4 cxd4
4.Nf3xd4 Ng8f6
5.Nb1c3 Nb8c6
6.Bf1c4 e5
7.Nd4f3 Bf8e7
8.Bc1g5 Bc8e6
9.Bc4b3 O-O
10.O-O Ra8c8
11.Bg5xf6 Be7xf6
12.Nc3d5 Be6xd5
13.Qd1xd5 Nc6a5
14.Qd5d3 Qd8b6
15.Rf1b1 Rf8d8
16.Bb3d5 Qb6c7
17.c3 Na5c4
18.a4 g6
19.g3 Bf6e7
20.Nf3e1 Nc4b6
21.Ne1c2 Nb6xd5
22.Qd3xd5 Be7g5
23.Rb1d1 Qc7d7
24.Nc2b4 Rc8c5
25.Qd5d3 f5
26.Nb4d5 Rd8f8
27.exf5 Qd7xf5
28.Qd3xf5 gxf5
29.Rd1d3 Kf7
30.Ra1d1 Rf8d8
31.f4 Bg5h6
32.b3 e4
33.Rd3d2 Bh6g7
34.c4 Ke6
35.h3 h5
36.Kg2 Rd8f8
37.Rd2e2 a6
38.g4 hxg4
39.hxg4 Bg7f6
40.g5 Bf6g7
41.Re2d2 a5
42.Kf2 Rc5c8
43.Nd5e3 Rc8c6
44.Rd2d5 Rc6b6
45.Rd1b1 Rf8f7
46.Ke2 Rf7f8
47.Kd2 Rf8f7
48.Kc2 Rb6c6
49.Rb1d1 b6
50.Rd5b5 Rf7f8
51.Rd1h1 Rc6c8
52.Rb5xb6 Rc8b8
53.Rb6b5 Rb8xb5
54.axb5 Ke7
55.Kd2 { resign }
1-0

[Event "Tourn. n7912"]
[Site "www.chess-mail.com"]
[Date "2015.01.08"]
[Round "1"]
[White "Badplayer"]
[Black "Cardiff"]
[WhiteElo "2150"]
[BlackElo "2080"]
[Result "1-0"]
[Round "1"]
1.e4 e6
2.d4 d5
3.exd5 exd5
4.Ng1f3 Bf8d6
5.Bf1e2 Ng8f6
6.O-O O-O
7.c4 c6
8.c5 Bd6c7
9.Bc1g5 h6
10.Bg5h4 Rf8e8
11.Qd1c2 Qd8e7
12.Nb1c3 g5
13.Bh4g3 Bc7xg3
14.hxg3 Nf6e4
15.Be2d3 Bc8f5
16.Ra1e1 b6
17.b4 bxc5
18.bxc5 Qe7d7
19.Nf3e5 Qd7c7
20.Nc3xe4 dxe4
21.Bd3xe4 Bf5xe4
22.Re1xe4 Nb8d7
23.Rf1e1 Nd7f6
24.Re4e2 Nf6d5
25.Ne5g4 Re8xe2
26.Ng4xh6 Kg7
27.Nh6f5 Kg8
28.Re1xe2 Qc7a5
29.Nf5e7 Nd5xe7
30.Re2xe7 Ra8d8
31.Qc2f5 { resign }
1-0

[Event "Tourn. n7847"]
[Site "www.chess-mail.com"]
[Date "2015.01.08"]
[Round "1"]
[White "Crull"]
[Black "Cristero"]
[WhiteElo "1810"]
[BlackElo "1719"]
[Result "0-1"]
[Round "1"]
1.d4 Ng8f6
2.c4 e6
3.a3 b6
4.Ng1f3 Bc8b7
5.e3 Nf6e4
6.Bf1d3 f5
7.Bd3xe4 Bb7xe4
8.Nb1d2 Be4b7
9.O-O Bf8e7
10.b4 a5
11.b5 d6
12.Rf1e1 O-O
13.Bc1b2 Nb8d7
14.a4 Be7f6
15.Qd1b3 Kh8
16.h3 Qd8e7
17.d5 exd5
18.Bb2xf6 Nd7xf6
19.Ra1c1 dxc4
20.Rc1xc4 Bb7d5
21.Qb3c3 Bd5xc4
22.Qc3xc4 Nf6e4
23.Nd2xe4 fxe4
24.Nf3d2 Ra8e8
25.Qc4d5 Qe7f6
26.Re1e2 Qf6a1
27.Kh2 Qa1e5
28.Qd5xe5 Re8xe5
29.Nd2c4 Re5c5
30.Nc4b2 d5
31.g4 c6
32.bxc6 Rc5xc6
33.Kg3 Rc6f6
34.Nb2d1 Rf8c8
35.Re2b2 Rc8c4
36.Rb2a2 Rf6c6
37.f4 Rc4c1
38.Nd1f2 Rc6c2
39.Ra2xc2 Rc1xc2
40.Nf2d1 Rc2c4
41.Nd1b2 Rc4b4
42.Nb2d1 Rb4xa4
43.Nd1c3 Ra4a3
44.Nc3xd5 Ra3b3
45.f5 a4
46.Kf4 a3
47.Kxe4 a2
{ resign }
0-1

[Event "Tourn. n7956"]
[Site "www.chess-mail.com"]
[Date "2015.01.08"]
[Round "1"]
[White "Stevo100"]
[Black "Cardiff"]
[WhiteElo "2100"]
[BlackElo "2070"]
[Result "0-1"]
[Round "1"]
1.d4 Ng8f6
2.Ng1f3 b6
3.e3 e6
4.Bf1d3 Bc8b7
5.O-O c5
6.b3 Bf8e7
7.Bc1b2 O-O
8.Nb1d2 d5
9.Nf3e5 Nb8d7
10.f4 Ra8c8
11.Rf1f3 Nf6e4
12.Ne5xd7 Qd8xd7
13.dxc5 Be7xc5
14.Bd3xe4 dxe4
15.Rf3g3 f6
16.Qd1g4 Kh8
17.Ra1f1 Rf8f7
18.f5 exf5
19.Rf1xf5 Qd7xd2
20.Qg4f4 Qd2e1
21.Qf4f1 Bc5xe3
22.Kh1 Qe1xf1
23.Rf5xf1 Rc8xc2
{ resign }
0-1

[Event "Tourn. n7852"]
[Site "www.chess-mail.com"]
[Date "2015.01.08"]
[Round "1"]
[White "Falcoale"]
[Black "Julian"]
[WhiteElo "2080"]
[BlackElo "2010"]
[Result "1/2-1/2"]
[Round "1"]
1.e4 c5
2.Ng1f3 d6
3.d4 cxd4
4.Nf3xd4 Ng8f6
5.Nb1c3 a6
6.f4 e5
7.fxe5 dxe5
8.Nd4b3 Qd8xd1
9.Kxd1 Bc8g4
10.Bf1e2 Nb8c6
11.h3 Bg4xe2
12.Kxe2 Bf8b4
13.Ke3 O-O-O
14.Bc1d2 Nc6d4
15.Nb3xd4 exd4
16.Kf3 dxc3
17.Bd2xc3 Bb4xc3
18.bxc3 Rd8d2
19.Rh1c1 Rh8e8
20.Rc1e1 Rd2xc2
21.Re1e3 b5
22.g4 h6
23.a4 Nf6d7
24.axb5 Nd7e5
25.Kg3 axb5
26.Ra1a8 Kd7
27.Ra8a7 Kc6
28.Ra7a6 Kc5
29.Ra6a7 Kc4
30.Ra7c7 Kb3
31.c4 Rc2c3
32.Re3xc3 Kxc3
33.cxb5 Kd4
34.b6 Re8b8
35.b7 Ne5d3
36.Rc7xf7 Nd3c5
37.Rf7xg7 Nc5xb7
38.Rg7g6 Nb7c5
39.Rg6xh6 Nc5xe4
40.Kf3 Rb8b3
41.Kf4 Ne4f2
42.h4 Nf2h3
43.Kf5 Rb3f3
44.Kg6 Ke5
45.Kg7 Nh3f4
46.g5 Nf4e6
47.Rh6xe6 Kxe6
48.h5 Rf3f7
49.Kg8 Rf7f5
50.g6 Rf5xh5
51.g7 Rh5g5
52.Kf8 Kf6
53.g8Q Rg5xg8
{ draw }
1/2-1/2

[Event "Tourn. n7941"]
[Site "www.chess-mail.com"]
[Date "2015.01.08"]
[Round "1"]
[White "Cardiff"]
[Black "Stevo100"]
[WhiteElo "2100"]
[BlackElo "2040"]
[Result "0-1"]
[Round "1"]
1.d4 Ng8f6
2.c4 e6
3.Ng1f3 Bf8b4
4.Bc1d2 c5
5.Bd2xb4 cxb4
6.g3 d6
7.Bf1g2 O-O
8.O-O Rf8e8
9.Nb1d2 e5
10.dxe5 dxe5
11.e3 a5
12.a3 Nb8a6
13.Qd1e2 Qd8e7
14.e4 b6
15.axb4 Qe7xb4
16.b3 Na6c5
17.Rf1b1 Bc8b7
18.Nf3g5 h6
19.Ng5h3 Ra8d8
20.Ra1a2 Rd8d4
21.f3 Re8d8
22.Rb1b2 Rd4d3
23.Nh3f2 Rd3c3
24.h4 Nc5xb3
25.Nd2xb3 Rc3xb3
26.Rb2xb3 Qb4xb3
27.Ra2b2 Qb3c3
28.Rb2xb6 Rd8d7
29.Qe2b2 Qc3e1
30.Kh2 Rd7d2
31.Qb2b5 Qe1xf2
{ resign }
0-1

[Event "Tourn. n7806"]
[Site "www.chess-mail.com"]
[Date "2015.01.08"]
[Round "1"]
[White "Chtoubidou"]
[Black "Bigrezi"]
[WhiteElo "1830"]
[BlackElo "1900"]
[Result "1-0"]
[Round "1"]
1.e4 e5
2.Bf1c4 Ng8f6
3.d3 Nb8c6
4.Bc1e3 d5
5.exd5 Nf6xd5
6.Bc4xd5 Qd8xd5
7.Qd1f3 Qd5a5
8.Be3d2 Bf8b4
9.c3 Bb4d6
10.Ng1h3 O-O
11.O-O Bc8e6
12.c4 Qa5b6
13.b3 Nc6d4
14.Qf3d1 c5
15.Nb1c3 Be6xh3
16.gxh3 Qb6d8
17.Kh1 f5
18.Bd2e3 Qd8h4
19.Be3xd4 exd4
20.Nc3d5 Qh4xh3
21.f4 Ra8e8
22.Qd1f3 Qh3xf3
23.Rf1xf3 b6
24.Rf3f2 Re8e6
25.Kg2 Rf8e8
26.Ra1f1 g6
27.a4 Re6e2
28.Nd5f6 Kf7
29.Nf6xe8 Re2xe8
30.Kf3 Bd6e7
31.Rf2e2 h6
32.Rf1e1 a6
33.Re2e6 b5
34.Re6xa6 bxc4
35.bxc4 Re8b8
36.Ra6a7 Rb8e8
37.a5 Kf6
38.Ra7xe7 Re8xe7
39.Re1xe7 Kxe7
40.a6 { resign }
1-0

[Event "Tourn. n7959"]
[Site "www.chess-mail.com"]
[Date "2015.01.08"]
[Round "1"]
[White "Generalfree"]
[Black "Anja"]
[WhiteElo "1800"]
[BlackElo "2000"]
[Result "0-1"]
[Round "1"]
1.e4 Ng8f6
2.e5 Nf6d5
3.c4 Nd5b6
4.Nb1c3 d6
5.d4 dxe5
6.dxe5 Qd8xd1
7.Nc3xd1 Nb8c6
8.f4 Bc8f5
9.Bc1e3 O-O-O
10.Be3xb6 axb6
11.Nd1e3 Bf5e4
12.Ra1d1 Rd8xd1
13.Kxd1 e6
14.a3 Bf8c5
15.Ne3c2 Rh8d8
16.Kc1 Nc6d4
17.Nc2xd4 Bc5xd4
18.Ng1e2 Bd4e3
{ resign }
0-1

[Event "Tourn. n7935"]
[Site "www.chess-mail.com"]
[Date "2015.01.08"]
[Round "1"]
[White "Cardiff"]
[Black "Tenzinnima"]
[WhiteElo "2150"]
[BlackElo "2050"]
[Result "0-1"]
[Round "1"]
1.d4 Ng8f6
2.c4 g6
3.g3 Bf8g7
4.Bf1g2 O-O
5.Nb1c3 c6
6.e4 d6
7.Ng1e2 Bc8g4
8.h3 Bg4xe2
9.Nc3xe2 e5
10.d5 cxd5
11.cxd5 Nb8d7
12.O-O Nd7c5
13.Ne2c3 a6
14.Qd1e2 Qd8d7
15.Bc1g5 Ra8c8
16.Bg5xf6 Bg7xf6
17.Ra1c1 Rc8c7
18.b4 Nc5a4
19.Nc3xa4 Rc7xc1
20.Rf1xc1 Qd7xa4
21.Qe2d2 Qa4d7
22.a3 Rf8c8
23.Rc1xc8 Qd7xc8
24.h4 h5
25.Kh2 Bf6d8
26.Bg2h3 Qc8c4
27.Bh3g2 Bd8b6
28.Kg1 Bb6d4
29.Bg2f3 Qc4b3
30.Kg2 Qb3xa3
{ resign }
0-1

[Event "Tourn. n7942"]
[Site "www.chess-mail.com"]
[Date "2015.01.08"]
[Round "1"]
[White "Krasin"]
[Black "Apoorva"]
[WhiteElo "2170"]
[BlackElo "2180"]
[Result "1/2-1/2"]
[Round "1"]
1.e4 c5
2.Ng1f3 d6
3.d4 cxd4
4.Nf3xd4 Nb8c6
5.Nb1c3 Bc8d7
6.Bc1e3 g6
7.Qd1d2 Bf8g7
8.Bf1c4 Ng8f6
9.f3 O-O
10.O-O-O a6
11.Bc4b3 b5
12.Kb1 Nc6xd4
13.Be3xd4 b4
14.Nc3d5 a5
15.Nd5xf6 exf6
16.Bb3d5 Ra8c8
17.g4 Bd7e6
18.Bd4e3 Rf8e8
19.h4 Qd8c7
20.Rh1h2 Be6xd5
21.Qd2xd5 a4
22.Rh2d2 Bg7f8
23.Be3d4 Bf8e7
24.b3 Qc7c6
25.Qd5xc6 Rc8xc6
26.Bd4e3 Rc6c3
27.Rd2d3 Re8c8
28.Rd3xc3 Rc8xc3
29.Rd1d3 axb3
30.axb3 Rc3xd3
31.cxd3 f5
32.gxf5 Be7xh4
33.fxg6 fxg6
34.Be3d2 h5
35.Kc1 Bh4f2
36.Bd2xb4 Bf2g3
37.Kd1 Kf7
38.Ke2 g5
39.d4 h4
40.Bb4e1 Bg3f4
41.b4 Ke6
42.d5 Kd7
43.Kf1 Kc7
44.Kg2 Kb6
45.Kh3 Kb5
46.Kg4 Bf4e3
47.Be1c3 Kc4
48.Bc3e1 Kb5
49.f4 gxf4
50.Be1xh4 Kxb4
51.e5 dxe5
52.d6 Be3b6
53.d7 Kc4
54.Bh4e7 Kd5
55.Kf3 { draw }
1/2-1/2

[Event "Tourn. n7917"]
[Site "www.chess-mail.com"]
[Date "2015.01.08"]
[Round "1"]
[White "Jose"]
[Black "Asoka"]
[WhiteElo "2730"]
[BlackElo "2650"]
[Result "1/2-1/2"]
[Round "1"]
1.e4 e5
2.Ng1f3 Nb8c6
3.Bf1b5 a6
4.Bb5a4 Ng8f6
5.O-O Bf8e7
6.Rf1e1 b5
7.Ba4b3 d6
8.c3 O-O
9.h3 Nc6a5
10.Bb3c2 c5
11.d4 cxd4
12.cxd4 Bc8b7
13.Nb1d2 exd4
14.Nf3xd4 Ra8c8
15.b4 Na5c6
16.Nd4xc6 Bb7xc6
17.Bc1b2 Nf6d7
18.Nd2f3 Be7f6
19.Bb2xf6 Qd8xf6
20.Ra1c1 Nd7e5
21.Bc2b3 Rf8d8
22.Re1e3 Bc6d7
23.Nf3xe5 Qf6xe5
24.Rc1xc8 Bd7xc8
25.Bb3d5 Bc8e6
26.Re3a3 Be6xd5
27.Qd1xd5 Qe5b2
28.Ra3f3 Qb2a1
29.Kh2 Qa1e5
30.g3 Qe5xd5
{ draw }
1/2-1/2

[Event "Tourn. n7847"]
[Site "www.chess-mail.com"]
[Date "2015.01.08"]
[Round "1"]
[White "Anja"]
[Black "Crull"]
[WhiteElo "1820"]
[BlackElo "1810"]
[Result "1-0"]
[Round "1"]
1.e4 c5
2.Nb1c3 e5
3.g3 Nb8c6
4.Bf1g2 d6
5.d3 Ng8f6
6.Ng1e2 Bc8g4
7.O-O Bf8e7
8.Bc1e3 O-O
9.Qd1d2 Qd8d7
10.f3 Bg4h5
11.g4 Bh5g6
12.Ne2g3 Nc6d4
13.Nc3e2 Nd4xe2
14.Qd2xe2 Qd7b5
15.g5 Nf6h5
16.Ra1b1 Qb5a6
17.a3 b5
18.Ng3f5 Bg6xf5
19.exf5 g6
20.f6 Be7d8
21.f4 exf4
22.Bg2xa8 fxe3
23.Qe2xe3 Bd8b6
24.Ba8f3 c4
25.d4 Qa6c8
26.Bf3xh5 gxh5
27.h3 Rf8e8
28.Qe3f3 Bb6xd4
29.Kg2 Re8e3
30.Qf3xh5 Qc8c6
31.Rf1f3 Re3e2
32.Kf1 Re2xc2
33.Rb1e1 Bd4e5
34.Re1e3 Rc2xb2
35.Qh5h6 c3
36.Qh6g7 
1-0

[Event "Tourn. n7795"]
[Site "www.chess-mail.com"]
[Date "2015.01.08"]
[Round "1"]
[White "Falcoale"]
[Black "Naujzaid"]
[WhiteElo "1800"]
[BlackElo "1880"]
[Result "0-1"]
[Round "1"]
1.e4 c5
2.Ng1f3 d6
3.Bf1c4 e6
4.O-O Ng8f6
5.Nb1c3 Bf8e7
6.d4 cxd4
7.Nf3xd4 O-O
8.b3 a6
9.Bc1b2 b5
10.Bc4d3 Bc8b7
11.f3 Qd8b6
12.Nc3e2 e5
13.Kh1 exd4
14.Ne2xd4 Rf8e8
15.Nd4f5 Nb8d7
16.Nf5xe7 Re8xe7
17.Rf1e1 Nd7e5
18.Bd3f1 Nf6d7
19.Bb2d4 Qb6c7
20.f4 Ne5g6
21.Bf1d3 Ng6xf4
22.Qd1g4 Nf4g6
23.Ra1c1 Nd7e5
24.Qg4g3 Ra8c8
25.Kg1 Qc7a5
26.Rc1a1 Ne5xd3
27.Qg3xd3 Ng6e5
28.Qd3e2 Qa5c7
29.Ra1c1 Rc8e8
30.c4 bxc4
31.bxc4 Ne5g6
32.Qe2b2 f6
33.Re1f1 Re7xe4
34.Qb2c3 Re4e2
35.Rf1f5 Re2xg2
36.Kf1 Rg2xh2
37.c5 dxc5
38.Bd4e3 Rh2h1
39.Ke2 Ng6f4
40.Rf5xf4 Qc7xf4
41.Qc3c4 Qf4xc4
42.Rc1xc4 Rh1h3
43.Rc4c3 Rh3xe3
{ resign }
0-1

[Event "Match"]
[Site "www.echecsemail.com"]
[Date "2015.01.08"]
[Round "1"]
[White "Blackpool"]
[Black "Spankstella"]
[WhiteElo "1720"]
[BlackElo "2240"]
[Result "1/2-1/2"]
[Round "1"]
1.d4 d5
2.Ng1f3 Ng8f6
3.Nb1c3 Bc8f5
4.Bc1f4 c6
5.Qd1d2 Nb8d7
6.e3 e6
7.Bf1d3 Nf6e4
8.Bd3xe4 dxe4
9.Nf3e5 f6
10.Ne5xd7 Qd8xd7
11.h3 Bf8d6
12.Bf4xd6 Qd7xd6
13.O-O O-O
14.Ra1d1 Ra8d8
15.Qd2e2 Bf5g6
16.a3 f5
17.Qe2c4 Kh8
18.Nc3e2 Bg6f7
19.b4 e5
20.Qc4c3 exd4
21.Rd1xd4 Qd6e7
22.Rf1d1 Bf7h5
23.Rd4xd8 Rf8xd8
24.Rd1xd8 Qe7xd8
25.Ne2f4 Bh5f7
26.Qc3e5 { draw }
1/2-1/2

[Event "Match"]
[Site "www.echecsemail.com"]
[Date "2015.01.08"]
[Round "1"]
[White "Silent1"]
[Black "Arnpriorite"]
[WhiteElo "1820"]
[BlackElo "2180"]
[Result "1-0"]
[Round "1"]
1.d4 Ng8f6
2.c4 d6
3.Nb1c3 g6
4.e3 Bf8g7
5.Bf1d3 O-O
6.Ng1f3 Bc8g4
7.O-O Nb8d7
8.Bd3e2 c5
9.d5 a6
10.Nf3g5 Bg4xe2
11.Qd1xe2 h6
12.Ng5e4 Nf6xe4
13.Nc3xe4 Nd7f6
14.Ne4xf6 Bg7xf6
15.Ra1b1 Qd8d7
16.b3 Qd7f5
17.Bc1b2 b5
18.Bb2xf6 Qf5xf6
19.Qe2b2 Qf6xb2
20.Rb1xb2 Kg7
21.Rf1c1 e6
22.Rb2d2 e5
23.e4 f5
24.exf5 Rf8xf5
25.Rc1c3 b4
26.Rc3e3 a5
27.g3 a4
28.Kg2 axb3
29.axb3 Ra8f8
30.Rd2d3 Rf5xf2
31.Kh3 h5
32.Re3e1 g5
33.Rd3e3 Kg6
34.g4 hxg4
35.Kxg4 Rf8f4
36.Kg3 Kh5
37.h3 Rf2b2
38.Re1e2 Rb2b1
39.Re2f2 Rb1g1
40.Rf2g2 Rg1f1
41.Kh2 Kh4
42.Re3g3 Rf4f5
43.Rg3g4 Kh5
44.Rg4g3 Rf1f2
45.Rg3xg5 Rf5xg5
46.Rg2xf2 e4
47.Rf2e2 Rg5e5
48.Kg3 Kg5
49.h4 Kh5
50.Kf4 e3
51.Re2xe3 Re5xe3
52.Kxe3 Kxh4
53.Kf4 Kh3
54.Kf5 Kg3
55.Ke6 Kf4
56.Kxd6 Ke4
57.Kxc5 { resign }
1-0

[Event "Match"]
[Site "www.echecsemail.com"]
[Date "2015.01.08"]
[Round "1"]
[White "Wwgia"]
[Black "Oxycontin"]
[WhiteElo "2090"]
[BlackElo "2010"]
[Result "1/2-1/2"]
[Round "1"]
1.d4 Ng8f6
2.c4 e6
3.Nb1c3 Bf8b4
4.a3 Bb4xc3
5.bxc3 b6
6.f3 d5
7.Bc1g5 Nb8d7
8.e3 Bc8b7
9.Ng1h3 c5
10.Nh3f2 Qd8c7
11.Ra1c1 O-O
12.Bf1d3 e5
13.cxd5 Nf6xd5
14.e4 Nd5f6
15.d5 c4
16.Bd3b1 Qc7c5
17.O-O Qc5xa3
18.Qd1d2 Qa3d6
19.Nf2d1 b5
20.f4 exf4
21.Bg5xf4 Qd6c5
22.Kh1 Rf8e8
23.Nd1f2 a5
24.Bf4e3 Qc5c7
{ draw }
1/2-1/2

[Event "Match"]
[Site "www.echecsemail.com"]
[Date "2015.01.08"]
[Round "1"]
[White "Cardiff"]
[Black "Guidom"]
[WhiteElo "2120"]
[BlackElo "2060"]
[Result "1/2-1/2"]
[Round "1"]
1.d4 d5
2.c4 e6
3.Nb1c3 Ng8f6
4.cxd5 Nf6xd5
5.Ng1f3 c6
6.Bc1d2 Bf8d6
7.e4 Nd5xc3
8.Bd2xc3 O-O
9.Bf1d3 Nb8d7
10.e5 Bd6e7
11.Qd1e2 f5
12.exf6 Nd7xf6
13.O-O Nf6d5
14.Bc3d2 Be7f6
15.Qe2e4 g6
16.Bd2h6 Rf8f7
17.Nf3e5 Bf6xe5
18.dxe5 Nd5e7
19.Ra1d1 Qd8c7
20.b4 Ne7d5
21.a3 Nd5c3
22.Qe4g4 Nc3xd1
23.Rf1xd1 b6
24.Qg4g5 Bc8b7
25.Bd3c4 Ra8e8
26.Rd1d6 Bb7c8
27.h4 Rf7f5
28.Qg5e3 Rf5f7
29.Qe3g3 Rf7f5
30.f4 c5
31.b5 Qc7b7
32.Bc4d3 Qb7f7
33.Bd3xf5 { draw }
1/2-1/2

[Event "Match"]
[Site "www.echecsemail.com"]
[Date "2015.01.08"]
[Round "1"]
[White "Harrytheking"]
[Black "Chtoubidou"]
[WhiteElo "1760"]
[BlackElo "1850"]
[Result "0-1"]
[Round "1"]
1.c4 g6
2.e4 Bf8g7
3.Nb1c3 e6
4.Ng1f3 c6
5.Bf1e2 d5
6.cxd5 exd5
7.exd5 cxd5
8.d4 Ng8e7
9.h3 O-O
10.O-O Nb8c6
11.a3 a6
12.b4 b5
13.Bc1e3 Rf8e8
14.Rf1e1 Ne7f5
15.Be3d2 Nf5xd4
16.Bd2g5 Nd4xf3
17.Be2xf3 Re8xe1
18.Qd1xe1 Qd8f8
19.Ra1c1 Bc8b7
20.Nc3xd5 Nc6d4
21.Nd5f6 Bg7xf6
22.Bf3xb7 Ra8e8
23.Qe1f1 Bf6xg5
24.Rc1c5 Nd4e6
25.Rc5d5 Re8d8
26.Rd5xd8 Qf8xd8
27.Bb7xa6 Qd8b6
28.Ba6xb5 Ne6d4
29.Bb5c4 Nd4c2
30.Qf1d3 Nc2d4
31.b5 Bg5e7
32.a4 Be7c5
33.Qd3d1 Nd4xb5
34.Bc4xb5 Bc5xf2
35.Kh1 Qb6a5
36.Qd1f3 Qa5e1
37.Kh2 Qe1g1

0-1

[Event "Match"]
[Site "www.echecsemail.com"]
[Date "2015.01.08"]
[Round "1"]
[White "Iko"]
[Black "Kai1"]
[WhiteElo "1470"]
[BlackElo "1430"]
[Result "0-1"]
[Round "1"]
1.e4 e5
2.Ng1f3 d6
3.c4 Ng8f6
4.d3 Bc8e6
5.Bc1g5 Bf8e7
6.Qd1a4 Be6d7
7.Qa4b3 O-O
8.Qb3xb7 Nb8c6
9.Bg5xf6 Be7xf6
10.Nb1c3 Ra8b8
11.Qb7a6 Rb8xb2
12.Qa6a3 Qd8b8
13.Nc3d1 Rb2b1
14.Ra1xb1 Qb8xb1
15.Nf3d2 Qb1b6
16.Nd2b3 Bf6e7
17.f3 d5
18.Qa3c1 Nc6d4
19.Nb3xd4 exd4
20.cxd5 Qb6a5
21.Kf2 Rf8b8
22.g4 Qa5xa2
23.Kg3 c5
24.h4 Rb8b1
25.Qc1c4 Qa2xc4
26.dxc4 Rb1xd1
27.Kg2 d3
28.h5 d2
29.Bf1e2 Rd1xh1
30.Kxh1 f6
31.f4 Bd7a4
32.Kg2 d1Q
33.Be2xd1 Ba4xd1
34.Kg3 Be7d6
35.Kh4 Bd6xf4
36.Kh3 a5
37.Kg2 a4
38.Kf1 a3
39.Ke1 Bd1b3
40.e5 Bf4xe5
41.g5 fxg5
42.h6 gxh6
43.d6 Be5xd6
44.Kd2 a2
45.Kc3 a1Q
46.Kxb3 Qa1f1
47.Ka4 g4
48.Kb5 g3
49.Kc6 Qf1d1
50.Kd7 g2
51.Kc6 g1Q
52.Kd7 Qg1g4
53.Kc6 Qd1a4
54.Kd5 Qa4a8
55.Kxd6 Qg4d4
56.Kc7 Qd4d8

0-1

[Event "Match"]
[Site "www.echecsemail.com"]
[Date "2015.01.08"]
[Round "1"]
[White "Apoorva"]
[Black "Calponas"]
[WhiteElo "2160"]
[BlackElo "2040"]
[Result "1/2-1/2"]
[Round "1"]
1.d4 f5
2.c4 Ng8f6
3.Bc1g5 g6
4.Bg5xf6 exf6
5.Nb1c3 Bf8b4
6.e3 d5
7.Ng1f3 c6
8.cxd5 Qd8xd5
9.a3 Bb4xc3
10.bxc3 Bc8e6
11.c4 Qd5d7
12.Bf1e2 O-O
13.Ra1b1 Nb8a6
14.O-O b6
15.d5 Be6f7
16.Qd1d4 cxd5
17.cxd5 Na6c5
18.d6 Ra8d8
19.Rf1d1 Nc5e4
20.Rb1c1 Qd7xd6
21.Qd4b2 Qd6e7
22.Rd1xd8 Rf8xd8
23.g3 Ne4g5
24.Nf3xg5 fxg5
25.Rc1c3 Qe7e4
26.f3 Qe4e5
27.Qb2c1 f4
28.Kf2 fxe3
29.Rc3xe3 Qe5d6
30.Re3d3 Qd6e7
31.Rd3c3 Rd8e8
32.Be2b5 Re8d8
33.Rc3c7 Qe7e5
34.a4 Qe5d4
35.Ke2 Qd4e5
36.Kf2 { draw }
1/2-1/2

[Event "Match"]
[Site "www.echecsemail.com"]
[Date "2015.01.08"]
[Round "1"]
[White "Udo40"]
[Black "Generalfree"]
[WhiteElo "1720"]
[BlackElo "1690"]
[Result "0-1"]
[Round "1"]
1.e4 e5
2.Ng1f3 Nb8c6
3.Bf1c4 Ng8f6
4.d3 a6
5.Nb1c3 h6
6.O-O Bf8c5
7.Nc3a4 Bc5a7
8.b3 b5
9.Bc4xf7 Kxf7
10.Na4c3 d6
11.Nc3d5 Nc6d4
12.Nf3xd4 Ba7xd4
13.Ra1b1 c6
14.Nd5b4 c5
15.Nb4d5 Nf6xd5
16.exd5 Bc8b7
17.Bc1d2 Bb7xd5
18.c4 bxc4
19.bxc4 Bd5c6
20.Kh1 d5
21.Qd1f3 Kg8
22.Qf3g4 dxc4
23.Qg4e6 Kf8
24.Qe6xc6 cxd3
25.Rb1b7 Qd8f6
26.Qc6d7 Kg8
27.Qd7d5 Kh7
28.Qd5e4 Qf6g6
29.Qe4d5 Rh8f8
30.Rb7d7 Ra8c8
31.Rd7d6 Qg6f5
32.Rd6d7 Bd4xf2
33.Qd5b7 Qf5g6
34.Rd7xd3 Qg6xd3
{ resign }
0-1

[Event "Match"]
[Site "www.echecsemail.com"]
[Date "2015.01.08"]
[Round "1"]
[White "Brigs"]
[Black "Wwgia"]
[WhiteElo "2440"]
[BlackElo "2120"]
[Result "1-0"]
[Round "1"]
1.e4 c5
2.Ng1f3 Nb8c6
3.d4 cxd4
4.Nf3xd4 g6
5.c4 Ng8f6
6.Nb1c3 Nc6xd4
7.Qd1xd4 d6
8.Bc1g5 Bf8g7
9.Qd4d2 O-O
10.Bf1d3 Bc8e6
11.Ra1c1 Qd8a5
12.O-O a6
13.b3 Rf8c8
14.Rc1c2 b5
15.cxb5 axb5
16.Rf1c1 Be6d7
17.h3 Ra8a7
18.b4 Qa5b6
19.Bg5e3 { resign }
1-0

[Event "Match"]
[Site "www.echecsemail.com"]
[Date "2015.01.08"]
[Round "1"]
[White "Reanna"]
[Black "Georgepapi"]
[WhiteElo "1570"]
[BlackElo "1480"]
[Result "0-1"]
[Round "1"]
1.c4 Ng8f6
2.Nb1c3 g6
3.g3 Bf8g7
4.Bf1g2 d6
5.e3 e5
6.Ng1e2 Nb8c6
7.O-O O-O
8.d4 exd4
9.Ne2xd4 Bc8d7
10.Nd4xc6 Bd7xc6
11.Nc3d5 Nf6xd5
12.cxd5 Bc6b5
13.Rf1e1 Rf8e8
14.Qd1b3 Bb5a6
15.a4 c6
16.dxc6 bxc6
17.Bg2xc6 Ra8b8
18.Qb3d5 Re8f8
19.Bc6b5 Ba6xb5
20.axb5 Qd8b6
21.Ra1b1 Rf8d8
22.Bc1d2 Qb6xb5
23.Qd5xb5 Rb8xb5
24.Bd2c3 Rd8b8
25.Bc3xg7 Kxg7
26.Re1e2 a5
27.Re2c2 a4
28.Kg2 a3
29.b3 Rb5xb3
30.Rb1xb3 Rb8xb3
31.Rc2a2 Kf6
32.h4 Ke5
33.Kf3 f5
34.g4 fxg4
35.Kxg4 Ke4
36.Kg5 Kf3
37.Kh6 Kg4
38.Kxh7 Kxh4
39.Kxg6 Kg4
40.Kf6 Kf3
41.Ke6 Rb3d3
42.Kd7 Ke4
43.Ke6 d5
44.Kd6 Kf5
45.Kc5 Ke4
46.Kb4 Kf3
47.e4 dxe4
48.Kc4 Rd3d1
49.Ra2xa3 Kxf2
50.Ra3a2 Kf3
51.Ra2a8 e3
52.Ra8f8 Kg2
53.Rf8e8 Kf2
54.Re8f8 Ke1
55.Kc3 e2
56.Kc2 Rd1d2
57.Kc1 Rd2d4
58.Kc2 Rd4g4
59.Rf8f3 Rg4g2
60.Rf3e3 Kf1
61.Re3f3 Rg2f2
62.Rf3d3 e1Q
{ resign }
0-1

[Event "Match"]
[Site "www.echecsemail.com"]
[Date "2015.01.08"]
[Round "1"]
[White "Passaroa25"]
[Black "Generalfree"]
[WhiteElo "1540"]
[BlackElo "1760"]
[Result "0-1"]
[Round "1"]
1.d3 e5
2.Bc1e3 b6
3.f3 d5
4.Be3f2 c5
5.Qd1c1 Nb8c6
6.c3 Bf8d6
7.Nb1d2 Ng8e7
8.e4 d4
9.Ng1e2 Bc8a6
10.Ne2g3 g6
11.Bf1e2 b5
12.O-O h5
13.h4 f5
14.Ng3h1 f4
15.g3 Qd8d7
16.Rf1e1 O-O-O
17.Nd2f1 fxg3
18.Bf2xg3 c4
19.Nh1f2 Bd6c5
20.Be2d1 dxc3
21.Qc1xc3 Bc5b4
22.Bg3xe5 Bb4xc3
23.Be5xc3 Rh8g8
24.Bc3f6 cxd3
25.Bf6g5 Qd7d4
26.Ra1b1 Rg8e8
27.Bd1b3 Nc6e5
28.Bb3e6 Kb8
29.Nf1e3 Ne5xf3
30.Kf1 Nf3d2
31.Kg2 Nd2xb1
32.Re1xb1 Ba6b7
33.Ne3d5 Bb7xd5
34.Be6xd5 Ne7xd5
35.exd5 Qd4xd5
36.Kg3 Rd8d6
37.Bg5f4 Re8e5
38.b3 Rd6e6
39.Rb1d1 Kb7
40.Bf4xe5 Qd5xe5
41.Kg2 Qe5d5
42.Kf1 Qd5f3
43.Rd1xd3 Qf3e2
44.Kg2 Qe2xa2
45.Kf3 Re6f6
46.Ke4 Qa2xf2
47.Rd3d7 Ka6
48.Rd7d3 Qf2f4
49.Kd5 Qf4f5
50.Kd4 Rf6d6
{ resign }
0-1

[Event "Match"]
[Site "www.echecsemail.com"]
[Date "2015.01.08"]
[Round "1"]
[White "Generalfree"]
[Black "Billyg"]
[WhiteElo "1680"]
[BlackElo "1580"]
[Result "1-0"]
[Round "1"]
1.e4 e5
2.Ng1f3 f6
3.Nf3xe5 g6
4.Ne5g4 d5
5.exd5 Qd8xd5
6.c4 Qd5e4
7.Ng4e3 Qe4c6
8.a3 h5
9.Bf1d3 f5
10.Bd3c2 Bf8c5
11.O-O Ng8e7
12.b4 Bc5xe3
13.Bc2a4 b5
14.Ba4xb5 Qc6xb5
15.cxb5 a6
16.dxe3 c6
17.bxc6 O-O
18.Qd1f3 Nb8xc6
19.Nb1c3 Bc8b7
20.Nc3d5 Ne7xd5
21.Qf3xd5 Rf8f7
22.Qd5c5 Ra8c8
23.Qc5d5 Rc8d8
24.Qd5a2 Rd8f8
25.Rf1d1 a5
26.b5 Nc6d8
27.Rd1d7 Kg7
28.Bc1b2 Kh7
29.Rd7xd8 { resign }
1-0

[Event "Match"]
[Site "www.echecsemail.com"]
[Date "2015.01.08"]
[Round "1"]
[White "Muller42"]
[Black "Darknight"]
[WhiteElo "1809"]
[BlackElo "1800"]
[Result "1-0"]
[Round "1"]
1.e4 e5
2.Ng1f3 d6
3.Bf1c4 h6
4.d4 Nb8c6
5.dxe5 Nc6xe5
6.Nf3xe5 dxe5
7.Bc4xf7 Ke7
8.Qd1h5 Ng8f6
9.Qh5g6 Bc8g4
10.Bc1d2 Bg4h5
11.Bd2b4 Kd7
12.Qg6f5 Kc6
13.Qf5e6 Bf8d6
14.Bf7xh5 Nf6xh5
15.Qe6d5 Kd7
16.Bb4xd6 cxd6
17.Qd5f7 Kc8
18.Qf7xh5 Qd8b6
19.O-O Qb6xb2
20.Nb1d2 a6
21.Qh5g6 Qb2b4
22.Ra1d1 Kb8
23.Nd2b3 Rh8d8
24.Rd1d5 Ka7
25.Rf1d1 Rd8d7
26.Rd5xd6 Ra8d8
27.Rd6xd7 Rd8xd7
28.Qg6g4 Qb4xe4
29.Qg4xd7 Qe4b4
30.Qd7xg7 h5
31.Qg7xe5 h4
32.Qe5d4 Qb4xd4
33.Rd1xd4 { resign }
1-0

[Event "Match"]
[Site "www.echecsemail.com"]
[Date "2015.01.08"]
[Round "1"]
[White "Amaya"]
[Black "Holmjb"]
[WhiteElo "1880"]
[BlackElo "2160"]
[Result "0-1"]
[Round "1"]
1.d4 Ng8f6
2.e3 d5
3.Bf1d3 e6
4.Nb1d2 c5
5.c3 c4
6.Bd3c2 Nb8c6
7.f4 g6
8.Ng1f3 Bf8g7
9.O-O O-O
10.Nf3e5 Bc8d7
11.a3 b5
12.Qd1f3 a5
13.g4 h6
14.h4 Nc6xe5
15.dxe5 Nf6h7
16.Qf3g3 b4
17.axb4 axb4
18.Ra1xa8 Qd8xa8
19.h5 g5
20.Nd2f3 f6
21.exf6 Bg7xf6
22.fxg5 Nh7xg5
23.Nf3e5 Qa8b8
24.Rf1xf6 Rf8xf6
25.e4 Ng5f3
26.Kg2 Qb8xe5
27.Qg3xe5 Nf3xe5
{ resign }
0-1

[Event "Match"]
[Site "www.echecsemail.com"]
[Date "2015.01.08"]
[Round "1"]
[White "Generalfree"]
[Black "Hundegana"]
[WhiteElo "1800"]
[BlackElo "1940"]
[Result "1-0"]
[Round "1"]
1.e4 b6
2.d4 Bc8b7
3.Bf1d3 g6
4.Bc1e3 Bf8g7
5.Nb1d2 e6
6.g3 Ng8e7
7.f4 Nb8c6
8.c3 d5
9.e5 a6
10.b4 O-O
11.a4 f6
12.Ra1b1 fxe5
13.fxe5 Rf8f7
14.Ng1f3 Qd8e8
15.Nf3g5 Ne7f5
16.Ng5xf7 Nf5xe3
17.Qd1f3 Qe8xf7
18.Qf3xe3 Qf7e7
19.h4 Ra8f8
20.Rh1f1 Rf8xf1
21.Nd2xf1 Nc6d8
22.Rb1b2 c6
23.Rb2h2 Qe7f7
24.Bd3e2 Bb7c8
25.Qe3g5 Qf7e8
26.h5 Nd8f7
27.Qg5g4 g5
28.Qg4f3 h6
29.Be2d3 Qe8e7
30.Rh2f2 Nf7d8
31.Bd3g6 Bc8d7
32.Nf1e3 Bd7e8
33.Bg6d3 b5
34.axb5 axb5
35.g4 Qe7f7
36.Qf3d1 Qf7a7
37.Qd1c2 Be8f7
38.Bd3g6 Qa7a1
39.Ke2 Qa1a7
40.Bg6xf7 Nd8xf7
41.Qc2g6 Qa7a2
42.Kf3 Qa2a3
43.Ne3d1 Qa3c1
44.Ke2 Nf7h8
45.Qg6e8 Kh7
46.Qe8xe6 Qc1c2
47.Ke1 Qc2e4
48.Rf2e2 Qe4f4
49.Qe6d7 Qf4g3
50.Kd2 Qg3f4
51.Nd1e3 Qf4f8
52.Qd7xc6 Nh8f7
53.Qc6xd5 Qf8e8
54.Re2f2 Nf7d8
55.Ne3f5 Nd8e6
56.Nf5d6 Ne6c7
57.Qd5e4 Kh8
58.Nd6xe8 Nc7xe8
59.Qe4g6 Ne8c7
60.Rf2f7 Nc7e8
61.Rf7e7 { resign }
1-0